| 000 | 00579nam a2200157 i 4500 | ||
|---|---|---|---|
| 001 | 63583 | ||
| 003 | ES-MaACL | ||
| 007 | t| | ||
| 008 | 031212s1949 po ||||1| por d | ||
| 100 | 1 |
_aFerro, Antonio. _950591 |
|
| 245 | 1 | 0 |
_apolítica do espirito _b: turismo fonte de riqueza e de poesía / _cAntonio Ferro. |
| 260 |
_aLisboa : _bSecretariado Nacional da Informaçâo e Cultura Popular, _c1949 ( _fRamos, Alfonso y Moita) |
||
| 300 |
_a117 p., 9 lám. ; _c19 cm. |
||
| 710 | 2 |
_aSecretariado Nacional da Informaçao e Cultura Popular. _96528 |
|
| 852 |
_aES-MaACL _jE-971 _bR.27141 |
||
| 999 |
_c63583 _d63583 |
||